| 000 | 00867nas a2200277 4500 | ||
|---|---|---|---|
| 001 | BR0100542 | ||
| 003 | BR-BrBNA | ||
| 005 | 20231205102039.0 | ||
| 007 | ta | ||
| 008 | 230509b bl.|||p| |||| 00| 00por d | ||
| 040 |
_aBR-BrBNA _bpor _cBiblioteca Nacional de Agricultura |
||
| 041 | _a(Pt) | ||
| 072 | _aP36 | ||
| 100 | 1 | _aBertol, I. | |
| 100 | 1 | _aCogo, N.P. | |
| 100 | 1 | _aCassol, E.A. | |
| 245 | 1 | _aDistancia entre terracos usando o comprimento critico de rampa em dois prepraros conservacionistas de solos | |
| 650 | _aMilho | ||
| 650 | _aTrigo | ||
| 650 | _aPodzolico Vermelho Amarelo | ||
| 650 | _aConservacao do Solo | ||
| 650 | _aChuva Artificial | ||
| 773 | 0 |
_tRevista Brasileira de Ciencia do Solo (Brazil) _xISSN 0100-0683 _g(Apr-Jun 2000), v. 24(2) p. 417-425 _wBR0100542 |
|
| 909 |
_a202311 _bLúcia _c55 _dLúcia Elande |
||
| 942 |
_2AGRIS _n0 _cANA |
||
| 999 |
_c165443 _d165443 |
||